| 000 | 01168nac a22003377a 4500 | ||
|---|---|---|---|
| 001 | BR8202137 | ||
| 003 | BR-BrBNA | ||
| 005 | 20240105115307.0 | ||
| 008 | 230509b bl.|||m| |||| 00| 0 por d | ||
| 040 |
_aBR-BrBNA _bpor _cBiblioteca Nacional de Agricultura |
||
| 072 | _aF00 | ||
| 090 | _a2121 BR8202137 | ||
| 100 | 1 | _aFrazao, D.A.C. | |
| 100 | 1 | _aFigueiredo, F.J.C. | |
| 100 | 1 | _aCarvalho, J.E.U. de | |
| 100 | 1 | _aPopinigis, F. | |
| 100 | 1 | _aOliveira, R.P. de | |
| 110 | 1 | _aCentro de Pesquisa Agropecuaria do Tropico Umido, Belem, PA (Brasil) | |
| 245 | 1 | _aEmergencia e vigor de sementes de guarana submetidas a pre-tratamentos termicos [Paullinia cupana] | |
| 246 | 1 | _a[Emergency and vigour of "guarana" seeds pretreated termically [Paullinia cupana]] | |
| 260 | 3 |
_aBelem, PA (Brasil): _c1981. |
|
| 300 | _a17 p. | ||
| 490 |
_aBoletim de Pesquisa - Centro de Pesquisa Agropecuaria do Tropico Umido (Brazil) _vno. 29 _xISSN 0100-3011 |
||
| 500 | _a16 ref. | ||
| 650 | _aGUARANA | ||
| 650 | _aSEMENTE | ||
| 650 | _aTRATAMENTO TERMICO | ||
| 650 | _aTESTE DE VIGOR | ||
| 909 |
_a202312 _bLúcia Elande _c55 _dLúcia Elande |
||
| 942 |
_2AGRIS _n0 _cMS |
||
| 999 |
_c274117 _d274117 |
||